[Event "Rilton Cup 34th"]
[Site "Stockholm"]
[Date "2005.01.02"]
[Round "6"]
[White "Duenas, Alexis"]
[Black "Styf, Josef"]
[Result "0-1"]
[WhiteElo "1987"]
[BlackElo "2087"]
[PlyCount "102"]
[EventDate "2004.12.27"]
[EventType "swiss"]
[EventRounds "9"]
[EventCountry "SWE"]
[SourceTitle "CBM 104 Extra"]
[Source "ChessBase"]
[SourceDate "2005.03.01"]
[SourceVersion "1"]
[SourceVersionDate "2005.03.01"]
[SourceQuality "1"]

1. d4 Nf6 2. c4 e6 3. Nc3 Bb4 4. f3 c5 5. d5 d6 6. e4 0-0 7. Bd3 Bxc3+ 8. bxc3 e5 9. Ne2 Nbd7 10. Bg5 h6 11. Bh4 Re8 12. g4 Nf8 13. 0-0 Ng6 14. Bg3 h5 15. g5 Nh7 16. h4 f6 17. f4 exf4 18. Nxf4 Bg4 19. Be2 Bxe2 20. Qxe2 Nxf4 21. Bxf4 fxg5 22. hxg5 Nxg5 23. Qxh5 Nxe4 24. Rf3 Qd7 25. Qg6 Re7 26. Kh1 Rf8 27. Raf1 Rf6 28. Qg2 Ref7 29. Bh2 Rxf3 30. Rxf3 Rxf3 31. Qxf3 Qe7 32. Qf4 Nxc3 33. Qxd6 Qxd6 34. Bxd6 Ne4 35. Bb8 a6 36. a4 Nd2 37. Ba7 Nxc4 38. Bxc5 Kf7 39. Bd4 g6 40. Kg2 Ke7 41. Bc5+ Kd7 42. Kg3 b6 43. Bf8 a5 44. Kf4 Nb2 45. Kg5 Nxa4 46. Kxg6 Nc3 47. Kf5 Nxd5 48. Ke4 Kc6 49. Kd3 Kb5 50. Kc2 Kc4 51. Bg7 b5 0-1

[Event "Hallstahammar op"]
[Site "Hallstahammar"]
[Date "2004.09.12"]
[Round "7"]
[White "Styf, Josef"]
[Black "Fredriksson, Leif"]
[Result "0-1"]
[WhiteElo "1970"]
[BlackElo "2202"]
[PlyCount "80"]
[EventDate "2004.09.10"]
[EventType "swiss"]
[EventRounds "8"]
[EventCountry "SWE"]
[SourceTitle "EXT 2005"]
[Source "ChessBase"]
[SourceDate "2004.11.15"]
[SourceVersion "1"]
[SourceVersionDate "2004.11.15"]
[SourceQuality "1"]

1. d4 Nf6 2. Nf3 e6 3. c4 c5 4. g3 d5 5. Bg2 Be7 6. dxc5 Bxc5 7. 0-0 0-0 8. Nc3 Nc6 9. Bg5 Be7 10. cxd5 exd5 11. Nd4 h6 12. Bxf6 Bxf6 13. e3 Be6 14. Nxe6 fxe6 15. Qg4 Qe7 16. Rad1 Rac8 17. Bh3 Rfe8 18. Rfe1 Bxc3 19. bxc3 Ne5 20. Qh5 Qf6 21. f4 Nf7 22. e4 g6 23. e5 Qg7 24. Qf3 Rc6 25. Rb1 b6 26. Rb3 Rec8 27. Qd3 Nd8 28. Kh1 Qf7 29. g4 Nb7 30. Qe3 Na5 31. f5 g5 32. Bg2 Nxb3 33. axb3 Rxc3 34. Qd4 Rc1 35. Rg1 Rxg1+ 36. Kxg1 Qe7 37. b4 Rc4 38. Qd3 Qxb4 39. h3 Rc1+ 40. Bf1 Qf4 0-1

[Event "Hallstahammar op"]
[Site "Hallstahammar"]
[Date "2004.09.11"]
[Round "5"]
[White "Styf, Josef"]
[Black "Pettersson, Rolf"]
[Result "1/2-1/2"]
[WhiteElo "1970"]
[BlackElo "1859"]
[PlyCount "98"]
[EventDate "2004.09.10"]
[EventType "swiss"]
[EventRounds "8"]
[EventCountry "SWE"]
[SourceTitle "EXT 2005"]
[Source "ChessBase"]
[SourceDate "2004.11.15"]
[SourceVersion "1"]
[SourceVersionDate "2004.11.15"]
[SourceQuality "1"]

1. d4 Nf6 2. Nf3 e6 3. g3 c5 4. Bg2 d5 5. 0-0 Be7 6. c4 0-0 7. dxc5 Bxc5 8. Nc3 dxc4 9. Qa4 a6 10. Qxc4 Qc7 11. Be3 Bd6 12. Qh4 Nc6 13. Rac1 Qa5 14. a3 Qh5 15. Qxh5 Nxh5 16. Na4 Nf6 17. Nb6 Rb8 18. Rfd1 Bc7 19. Nd2 Bxb6 20. Bxb6 Nd5 21. Bc5 Rd8 22. Nc4 b5 23. Nd6 Nde7 24. Nxc8 Rxd1+ 25. Rxd1 Rxc8 26. Bxe7 Nxe7 27. Bb7 Rb8 28. Bxa6 f6 29. Rd7 Nc6 30. Rc7 Rb6 31. Bxb5 Nd4 32. Bc4 Rxb2 33. e3 Nf3+ 34. Kg2 Ne5 35. Bxe6+ Kf8 36. a4 Nd3 37. Rf7+ Ke8 38. Rxg7 Rxf2+ 39. Kg1 Re2 40. Bc4 Re1+ 41. Kg2 Re2+ 42. Kf3 Rf2+ 43. Ke4 Nc5+ 44. Kd5 Rf5+ 45. Kd6 Ne4+ 46. Kc6 Rc5+ 47. Kb6 Rxc4 48. a5 Rb4+ 49. Kc6 Ra4 1/2-1/2